000 00474nam a2200181Ia 4500
001 24153
005 20260414151024.0
008 260414t2023||||xx |||||||||||||| ||spa||
041 _aESP
082 _a782.4216
_bA59
100 _aAndrade Ciudad, Luis,
_eAUT
245 0 _aTinyas y huywas de Rapaz. Quechua y arte verbal en las alturas de Lima
_b
260 _c2023
300 _a231 páginas :
_c24 cm.
650 _aABD
654 _aCAU
942 _cLIB
_dJUS
_fJUS
_2ddc
_n
999 _c24153
_d24153